[Event "Hamarturneringen 2018"]
[Site "Hamar"]
[Date "2018.10.04"]
[Round "3"]
[White "Frydendal, Odd"]
[Black "Ørsleie, Sivert Nikolai"]
[Result "1/2-1/2"]
[WhiteElo "1403"]
[BlackElo "1400"]
[PlyCount "48"]
[EventDate "2018.??.??"]

1. e4 b6 2. Bc4 e6 3. Nc3 Bb7 4. Nf3 d5 5. exd5 exd5 6. Be2 d4 7. Nb5 Bc5 8.
O-O a6 9. Na3 Nf6 10. h3 O-O 11. d3 Qe7 12. Re1 Re8 13. Bg5 Bb4 14. Bxf6 gxf6
15. Rf1 Bxa3 16. bxa3 Qxe2 17. Nxd4 Qe5 18. Qg4+ Kh8 19. Rae1 Qxe1 20. Rxe1
Rxe1+ 21. Kh2 Nc6 22. Nf5 Rg8 23. Qc4 Ne5 24. Qxc7 Rxg2#
1/2-1/2

[Event "Hamarturneringen 2018"]
[Site "Hamar"]
[Date "2018.10.04"]
[Round "3"]
[White "Tøstibakken, Odd N"]
[Black "Røhne, Jørgen"]
[Result "0-1"]
[WhiteElo "1383"]
[BlackElo "1277"]
[PlyCount "92"]
[EventDate "2018.??.??"]

1. e4 e5 2. Nf3 Nc6 3. Bb5 d6 4. d4 Bd7 5. c3 Bg4 6. d5 a6 7. Ba4 b5 8. dxc6
bxa4 9. Nbd2 Nf6 10. Qxa4 Qb8 11. O-O Qb5 12. Qxb5 axb5 13. Re1 Ra6 14. h3 Bh5
15. b3 Rxc6 16. Re3 Be7 17. c4 bxc4 18. Nxc4 O-O 19. Ba3 Ra6 20. Bb4 Bg6 21.
Nfxe5 c5 22. Nxg6 hxg6 23. Bc3 Rfa8 24. a3 d5 25. exd5 Nxd5 26. Rd3 Nxc3 27.
Rxc3 Bf6 28. Rac1 Bxc3 29. Rxc3 Rc8 30. f4 f6 31. Kf2 Kf8 32. Rd3 Ke7 33. Kf3
Rd8 34. Rc3 Rd4 35. g4 Ra8 36. Ke3 Rd1 37. b4 cxb4 38. axb4 Rb1 39. Nb6 Rd8 40.
Rc7+ Kf8 41. Rb7 Rb3+ 42. Ke4 Rxb4+ 43. Ke3 Rb3+ 44. Ke4 Kg8 45. g5 f5+ 46. Ke5
Re3#
0-1

[Event "Hamarturneringen 2018"]
[Site "Hamar"]
[Date "2018.10.25"]
[Round "3"]
[White "Brobakken, Jørgen"]
[Black "Torp, Elliot Sveum"]
[Result "1-0"]
[WhiteElo "1541"]
[BlackElo "1458"]

1. d4 d5 2. f4 Nf6 3. e3 g6 4. Bd3 Bg7 5. Nf3 O-O 6. Nbd2 Nbd7 7. O-O c5 8. c3

cxd4 9. exd4 Nb6 10. Ne5 Nfd7 11. Qe1 Nxe5 12. fxe5 e6 13. Nf3 f6 14. Qg3 Qc7

15. Bf4 g5 16. Qh3 h6 17. Bd2 f5 18. Bxg5 hxg5 19. Nxg5 Bxe5 20. dxe5 Qg7 21.

Rf3 Qh8 22. Qg3 Qg7 23. Qf4 Re8 24. Rg3 Qh8 25. Nxe6+ Kf7 26. Rg7+ Qxg7 27. Nxg7

Kxg7 28. Qg5+ Kf7 29. Be2 Ke6 30. Qf6+ Kd7 31. Qd6#

1-0

[Event "Hamarturneringen 2018"]
[Site "Hamar"]
[Date "2018.10.18"]
[Round "4"]
[White "Hoel, Ole"]
[Black "Madagov, Lom"]
[Result "1-0"]
[WhiteElo "1808"]
[BlackElo "2052"]
[PlyCount "89"]
[EventDate "2018.??.??"]

1. d4 Nf6 2. c4 g6 3. Nc3 Bg7 4. e4 d6 5. f3 O-O 6. Be3 Nc6 7. Qd2 a6 8. Bd3 e5
9. Nge2 Nd7 10. d5 Nd4 11. Rb1 c5 12. O-O Nf6 13. Bg5 Qa5 14. a3 Qc7 15. b4 Bd7
16. Rfc1 b6 17. Rb2 Rfb8 18. Rcb1 Be8 19. Ng3 Nd7 20. Nce2 b5 21. Nxd4 exd4 22.
Rc2 bxc4 23. Bxc4 Ne5 24. Ba2 c4 25. f4 c3 26. fxe5 Bxe5 27. Bb3 Qb6 28. Qd3
Bb5 29. Qf3 d3+ 30. Rf2 Rb7 31. a4 Bd4 32. axb5 c2 33. Rc1 Qxb5 34. Be3 Qxb4
35. Bxc2 dxc2 36. Rfxc2 Qb6 37. Bxd4 Qxd4+ 38. Qf2 Qe5 39. Rc8+ Rxc8 40. Rxc8+
Kg7 41. h3 h5 42. h4 Rb2 43. Qf3 Qd4+ 44. Kh2 a5 45. Nf5+
1-0

[Event "Hamarturneringen 2018"]
[Site "Hamar"]
[Date "2018.10.18"]
[Round "4"]
[White "Ulekleiv, Jan Ivar"]
[Black "Ormåsen, Steinar"]
[Result "0-1"]
[WhiteElo "1677"]
[BlackElo "1771"]
[PlyCount "70"]
[EventDate "2018.??.??"]

1. e4 c6 2. Nf3 d5 3. Nc3 dxe4 4. Nxe4 Nf6 5. Nxf6+ exf6 6. Bc4 Bd6 7. Qe2+ Qe7
8. Qxe7+ Bxe7 9. O-O O-O 10. d4 Bg4 11. Re1 Bd6 12. Nd2 Nd7 13. Ne4 Bc7 14. Bd2
Nb6 15. Bd3 Nd5 16. h3 Bh5 17. g3 f5 18. Nc5 Bg6 19. c4 Nf6 20. Re7 Bd6 21.
Rxb7 Bxc5 22. dxc5 Rfd8 23. Rb3 f4 24. Bxg6 Rxd2 25. Bf5 g6 26. Bg4 fxg3 27.
fxg3 Nxg4 28. hxg4 Re8 29. Rb7 Ree2 30. b4 Rg2+ 31. Kf1 Rdf2+ 32. Ke1 Rh2 33.
Rb1 Rxa2 34. Rxf7 Kxf7 35. g5 Rh1#
0-1

[Event "Hamarturneringen 2018"]
[Site "Hamar"]
[Date "2018.10.18"]
[Round "4"]
[White "Ørsleie, Sivert Nikolai"]
[Black "Nilsen, Thomas"]
[Result "0-1"]
[WhiteElo "1400"]
[BlackElo "1710"]
[PlyCount "48"]
[EventDate "2018.??.??"]

1. d4 Nf6 2. c4 e6 3. Nc3 Bb4 4. Bf4 c5 5. Nf3 cxd4 6. Nxd4 Nc6 7. Nxc6 bxc6 8.
Qc2 O-O 9. g3 d5 10. cxd5 cxd5 11. Bg2 Ba6 12. O-O Rc8 13. Rfd1 Qe7 14. a3 Bxc3
15. bxc3 e5 16. Bg5 d4 17. Qa4 Bxe2 18. Re1 d3 19. c4 h6 20. Be3 Qc7 21. c5
Rfd8 22. Bf1 Bxf1 23. Kxf1 Qc6 24. Kg1 Qxa4
0-1

[Event "Hamarturneringen 2018"]
[Site "Hamar"]
[Date "2018.10.18"]
[Round "4"]
[White "Bjørnstad, Niklas Eriksen"]
[Black "Slettmoen, Markus"]
[Result "0-1"]
[WhiteElo "1537"]
[BlackElo "1704"]
[PlyCount "112"]
[EventDate "2018.??.??"]

1. Nf3 Nc6 2. d4 d5 3. Bf4 Nf6 4. h3 Bf5 5. e3 e6 6. c3 Bd6 7. Ne5 O-O 8. Nxc6
bxc6 9. Bxd6 cxd6 10. Bd3 Ne4 11. Qc2 Qh4 12. O-O Qg5 13. f4 Qh4 14. Nd2 Ng3
15. Nf3 Qh5 16. Rf2 Bxd3 17. Qxd3 Rfb8 18. Kh2 Ne4 19. Rc2 Qg6 20. Rac1 c5 21.
b3 Rc8 22. c4 cxd4 23. cxd5 Re8 24. dxe6 Rxe6 25. Nxd4 Ree8 26. g4 h5 27. Rg1
Qf6 28. g5 Qe7 29. Nc6 Qb7 30. Rgc1 Re6 31. f5 Re7 32. Nxe7+ Qxe7 33. Rc8+ Kh7
34. Kg2 Qxg5+ 35. Kf3 Qxf5+ 36. Ke2 Rxc8 37. Rxc8 Qxc8 38. Qxe4+ g6 39. Qe7
Qc2+ 40. Kf3 Qd1+ 41. Kf2 Qd2+ 42. Kf3 Qd5+ 43. Kf2 a5 44. e4 Qd2+ 45. Kf3 Qd3+
46. Kf2 Qc2+ 47. Kf3 Qd1+ 48. Kf2 Kg7 49. Ke3 Qe1+ 50. Kd4 Qd2+ 51. Kc4 Qxa2
52. e5 Qc2+ 53. Kb5 Qxb3+ 54. Ka6 Qc4+ 55. Kb7 Qd5+ 56. Ka6 Qxe5
0-1

[Event "Hamarturneringen 2018"]
[Site "Hamar"]
[Date "2018.10.25"]
[Round "4"]
[White "Storli, Frode"]
[Black "Skaansar, Lasse"]
[Result "1-0"]
[WhiteElo "1564"]
[BlackElo "1363"]
[PlyCount "37"]
[EventDate "2018.??.??"]

1. d4 Nf6 2. Bf4 e6 3. e3 b6 4. Nf3 Bb7 5. Nbd2 c5 6. c3 Na6 7. Bd3 cxd4 8.
exd4 Be7 9. Nc4 d5 10. Nce5 O-O 11. h4 Nh5 12. Be3 Rc8 13. Bxh7+ Kxh7 14. Ng5+
Bxg5 15. hxg5 g6 16. Rxh5+ gxh5 17. Qxh5+ Kg7 18. Qh6+ Kg8 19. O-O-O
1-0

[Event "Hamarturneringen 2018"]
[Site "Hamar"]
[Date "2018.10.18"]
[Round "4"]
[White "Madagov, Ibragim"]
[Black "Brobakken, Jørgen"]
[Result "1/2-1/2"]
[WhiteElo "1560"]
[BlackElo "1541"]
[PlyCount "83"]
[EventDate "2018.??.??"]

1. e4 e6 2. d4 d5 3. Nd2 f5 4. exf5 exf5 5. Bd3 Nf6 6. Ngf3 Bd6 7. O-O O-O 8.
Re1 Ne4 9. c4 c6 10. Ne5 Nd7 11. Ndf3 Qf6 12. Qb3 Qe6 13. Ng5 Nxg5 14. Bxg5
Bxe5 15. dxe5 Nc5 16. Qc2 Nxd3 17. Qxd3 Qg6 18. Be7 dxc4 19. Qxc4+ Be6 20. Qd3
Rfe8 21. Bd6 Rad8 22. Qg3 Qf7 23. a3 f4 24. Qd3 Bd5 25. f3 Qe6 26. Qd2 Bc4 27.
Kf2 Qh6 28. Kg1 Qg5 29. Re4 Rxe5 30. Rxc4 Rd5 31. Rd4 R8xd6 32. Rxd5 Rxd5 33.
Qe2 Qd8 34. Qe6+ Kf8 35. h3 Rd1+ 36. Rxd1 Qxd1+ 37. Kh2 Qd8 38. Qf5+ Ke7 39.
Qe5+ Kf7 40. Qf5+ Qf6 41. Qd7+ Qe7 42. Qf5+
1/2-1/2

[Event "Hamarturneringen 2018"]
[Site "Hamar"]
[Date "2018.10.18"]
[Round "4"]
[White "Græsby, Marius"]
[Black "Brobakken, Vidar"]
[Result "0-1"]
[WhiteElo "1393"]
[BlackElo "1354"]
[PlyCount "86"]
[EventDate "2018.??.??"]

1. e4 e6 2. d4 d5 3. e5 c5 4. Nf3 cxd4 5. Nxd4 Nd7 6. Bb5 a6 7. Bxd7+ Bxd7 8.
Nc3 Ne7 9. Bg5 Qc7 10. Qe2 Ng6 11. Nf3 Bb4 12. Qe3 h6 13. Bh4 Nxh4 14. Nxh4
Bxc3+ 15. Qxc3 Qxc3+ 16. bxc3 Rc8 17. Kd2 Rc4 18. Nf3 Ke7 19. Rab1 b5 20. Kd3
Rhc8 21. Rb3 b4 22. cxb4 Rxc2 23. a3 Ba4 24. Rbb1 R8c3+ 25. Kd4 Rxa3 26. Rhc1
Rac3 27. Rxc2 Rxc2 28. Ke3 Bb5 29. Nd4 Rc3+ 30. Kf4 g5+ 31. Kg4 Rc4 32. Rd1
Rxb4 33. Kh5 Be2+ 34. g4 Bxd1 35. Nc6+ Kf8 36. Nxb4 a5 37. Na2 Kg7 38. h4 gxh4
39. Kxh4 a4 40. Nc3 a3 41. f4 d4 42. Na2 d3 43. Kg3 Bb3
0-1

[Event "Hamarturneringen 2018"]
[Site "Hamar"]
[Date "2018.10.18"]
[Round "4"]
[White "Tøstibakken, Odd N"]
[Black "Flermoen, Markus"]
[Result "1-0"]
[WhiteElo "1383"]
[BlackElo "1704"]
[PlyCount "79"]
[EventDate "2018.??.??"]

1. e4 e5 2. Nf3 Nf6 3. Nxe5 d6 4. Nf3 Nxe4 5. Qe2 Qe7 6. d3 Nf6 7. Bg5 Qxe2+ 8.
Bxe2 Be7 9. O-O O-O 10. Nc3 Re8 11. Rfe1 Nbd7 12. Nb5 Bd8 13. c4 a6 14. Nc3 b6
15. d4 Bb7 16. d5 Nh5 17. Be3 Bf6 18. Nd4 Bxd4 19. Bxd4 Nf4 20. Bg4 Ne5 21.
Bxe5 Rxe5 22. Rxe5 dxe5 23. Rd1 Rd8 24. h4 b5 25. b3 c6 26. d6 b4 27. Ne4 g6
28. Nc5 Bc8 29. Bxc8 Rxc8 30. d7 Rd8 31. Nb7 Ne6 32. Nxd8 Nxd8 33. g4 f6 34.
Re1 Kf7 35. f4 Ke6 36. fxe5 fxe5 37. Rd1 Ke7 38. Kf2 Nf7 39. Kf3 Nd6 40. Rxd6
1-0

[Event "Hamarturneringen 2018"]
[Site "Hamar"]
[Date "2018.10.18"]
[Round "4"]
[White "Røhne, Jørgen"]
[Black "Frydendal, Odd"]
[Result "1/2-1/2"]
[WhiteElo "1277"]
[BlackElo "1403"]
[PlyCount "115"]
[EventDate "2018.??.??"]

1. e4 c6 2. Nf3 g6 3. d4 Bg7 4. Nc3 d6 5. Be2 Nd7 6. Be3 b5 7. a3 Bb7 8. Qd2
Nb6 9. b3 Qc7 10. Rb1 Rc8 11. Bd3 Nf6 12. Bh6 O-O 13. Bxg7 Kxg7 14. O-O a5 15.
Nd1 a4 16. Ne3 Ba6 17. b4 Nc4 18. Qc3 d5 19. e5 Nd7 20. Nxc4 dxc4 21. Be2 Nb6
22. Qd2 Nd5 23. Ng5 h6 24. Ne4 Rcd8 25. c3 Bc8 26. f4 Bf5 27. Bf3 h5 28. Nc5
Bxb1 29. Rxb1 Qc8 30. Ne4 Qf5 31. Re1 Qxf4 32. Qxf4 Nxf4 33. Nc5 Nd5 34. Rc1
Kh6 35. g3 g5 36. Bxd5 cxd5 37. Rf1 Kg6 38. h3 Rh8 39. Kg2 Rc8 40. Rf2 f5 41.
e6 h4 42. Nd7 hxg3 43. Kxg3 f4+ 44. Kg2 Rh7 45. Rf1 Rch8 46. Rh1 g4 47. Ne5+
Kf6 48. Nxg4+ Kg5 49. Nf2 Kf5 50. Re1 Rg7+ 51. Kh2 Rg3 52. Re5+ Kf6 53. Rxd5
Rhg8 54. Ne4+ Kxe6 55. Re5+ Kf7 56. Nxg3 fxg3+ 57. Kg2 Kf6 58. Rxb5
1/2-1/2

[Event "Hamarturneringen 2018"]
[Site "Hamar"]
[Date "2018.11.01"]
[Round "5"]
[White "Ormåsen, Steinar"]
[Black "Madagov, Lom"]
[Result "1/2-1/2"]
[WhiteElo "1771"]
[BlackElo "2052"]
[PlyCount "98"]
[EventDate "2018.??.??"]

1. d4 Nf6 2. Bf4 g6 3. Nd2 d6 4. e4 Bg7 5. Bd3 Nbd7 6. c3 e5 7. Be3 O-O 8. f3
d5 9. Ne2 exd4 10. Bxd4 dxe4 11. Nxe4 Re8 12. O-O Nxe4 13. Bxe4 Nf6 14. Bd3 Bd7
15. Qd2 Bc6 16. Rad1 Nd5 17. Rfe1 Bf8 18. c4 Bb4 19. Qh6 Bf8 20. Qd2 Nb6 21. b3
Qh4 22. Bf2 Qh6 23. Qxh6 Bxh6 24. Nd4 Bd7 25. Rxe8+ Rxe8 26. Nb5 Bxb5 27. cxb5
Nc8 28. Bc4 Nd6 29. Kf1 b6 30. Re1 Kf8 31. Bg3 Rxe1+ 32. Kxe1 Ne8 33. Ke2 Bg5
34. Kd3 Ke7 35. Ke4 f5+ 36. Kd4 Bf6+ 37. Kd3 h6 38. Bd5 g5 39. a4 f4 40. Bf2
Nd6 41. Be4 Be5 42. h3 Ne8 43. Bg1 Kd6 44. Bf2 Nf6 45. Bc6 Ng8 46. Be4 Ne7 47.
Kc4 Bb2 48. Be1 Ke6 49. Bb4 Nc8
1/2-1/2

[Event "Hamarturneringen 2018"]
[Site "Hamar"]
[Date "2018.11.29"]
[Round "5"]
[White "Brobakken, Jørgen"]
[Black "Kristiansen, Ole-Jakob"]
[Result "0-1"]
[WhiteElo "1541"]
[BlackElo "1977"]
[PlyCount "68"]
[EventDate "2018.??.??"]

1. d4 e6 2. f4 Nf6 3. e3 b6 4. Bd3 Bb7 5. Nf3 c5 6. c3 Be7 7. O-O O-O 8. Nbd2
Nd5 9. Qe1 cxd4 10. Nxd4 Nc6 11. N4f3 d6 12. c4 Nf6 13. b3 Nb4 14. Bb1 d5 15.
Bb2 dxc4 16. Nxc4 Nd3 17. Bxd3 Qxd3 18. Rd1 Qe4 19. Qg3 Qg6 20. Qf2 Ng4 21. Qe2
Rad8 22. Nfe5 Nxe5 23. Nxe5 Qf5 24. Ng4 f6 25. h3 Qe4 26. Rd4 Rxd4 27. Bxd4 Rc8
28. Rf2 Rc1+ 29. Kh2 h5 30. Qb5 hxg4 31. Qe8+ Bf8 32. Bb2 Rc8 33. Qh5 g3+ 34.
Kxg3 Qxe3+
0-1

[Event "Hamarturneringen 2018"]
[Site "Hamar"]
[Date "2018.11.01"]
[Round "5"]
[White "Bjørtomt, Erling"]
[Black "Storli, Frode"]
[Result "0-1"]
[WhiteElo "1497"]
[BlackElo "1564"]
[PlyCount "107"]
[EventDate "2018.??.??"]

1. e4 d6 2. Nf3 Bg4 3. Nc3 c6 4. Be2 Qc7 5. d4 Nd7 6. Bf4 e5 7. dxe5 Bxf3 8.
Bxf3 dxe5 9. Be3 Bc5 10. Qe2 Ngf6 11. O-O O-O 12. g3 Rfd8 13. a3 Bxe3 14. Qxe3
Qb6 15. Qxb6 axb6 16. b4 Nf8 17. Rfd1 Rxd1+ 18. Nxd1 Ne6 19. Nc3 Nd4 20. Bd1 b5
21. Kg2 Nd7 22. Ne2 Nxe2 23. Bxe2 Nb6 24. f4 exf4 25. gxf4 f5 26. Bd3 fxe4 27.
Bxe4 Nc4 28. Bd3 Ne3+ 29. Kf3 Nd5 30. Ke4 Nxb4 31. c4 Nxd3 32. Kxd3 bxc4+ 33.
Kxc4 Ra4+ 34. Kc5 Rxf4 35. Ra2 g5 36. Kb6 Rf7 37. a4 Kg7 38. Re2 h5 39. Re5 Kf6
40. Re2 g4 41. Rf2+ Kg6 42. Rxf7 Kxf7 43. Kxb7 h4 44. a5 g3 45. hxg3 h3 46. a6
h2 47. Kxc6 h1=Q+ 48. Kb6 Qa8 49. a7 Ke7 50. g4 Kd7 51. g5 Qc6+ 52. Ka5 Qb7 53.
g6 Kc6 54. Ka4
0-1

[Event "Hamarturneringen 2018"]
[Site "Hamar"]
[Date "2018.11.01"]
[Round "5"]
[White "Ulekleiv, Jan Ivar"]
[Black "Madagov, Ibragim"]
[Result "1-0"]
[WhiteElo "1677"]
[BlackElo "1560"]
[PlyCount "116"]
[EventDate "2018.??.??"]

1. e4 e5 2. Nf3 Nc6 3. Bc4 Nf6 4. d4 exd4 5. O-O Nxe4 6. Re1 d5 7. Bxd5 Qxd5 8.
Nc3 Qa5 9. Nxe4 Be6 10. Bg5 Be7 11. Bxe7 Nxe7 12. Qxd4 Nf5 13. Qc5 Qxc5 14.
Nxc5 O-O-O 15. Nxe6 fxe6 16. Rxe6 Nd4 17. Nxd4 Rxd4 18. Re7 Rhd8 19. Kf1 Rd2
20. Rc1 R2d7 21. Rxd7 Rxd7 22. Ke2 Re7+ 23. Kd3 Rd7+ 24. Kc3 Re7 25. Rd1 Re6
26. Rd4 Re2 27. Rf4 Re7 28. g4 g5 29. Rf5 h6 30. Rf6 Rh7 31. Kd4 h5 32. h3 hxg4
33. hxg4 Rg7 34. Ke5 Kd7 35. a4 Re7+ 36. Kd4 Rg7 37. b4 Ke7 38. Rf5 Ke6 39. c4
Rd7+ 40. Ke4 Rg7 41. b5 b6 42. c5 bxc5 43. Rxc5 Kd6 44. Rc6+ Kd7 45. Ra6 Rf7
46. f3 Rf4+ 47. Ke3 Rc4 48. Rxa7 Kd6 49. Ra8 Kd7 50. Rg8 Rc5 51. Kd4 Rc1 52.
Rg7+ Kc8 53. Rxg5 Kb7 54. Rc5 Rf1 55. Ke4 Ra1 56. Rc4 Kb6 57. g5 Rg1 58. Kf5
Kb7
1-0

[Event "Hamarturneringen 2018"]
[Site "Hamar"]
[Date "2018.11.01"]
[Round "5"]
[White "Ørsleie, Sivert Nikolai"]
[Black "Bjørnstad, Niklas Eriksen"]
[Result "0-1"]
[WhiteElo "1400"]
[BlackElo "1537"]
[PlyCount "72"]
[EventDate "2018.??.??"]

1. d4 d5 2. c4 c6 3. Nc3 Nf6 4. Nf3 e6 5. Bf4 Be7 6. e3 Nbd7 7. cxd5 exd5 8.
Be2 O-O 9. O-O Nh5 10. Bg5 Bxg5 11. Nxg5 Qxg5 12. Bxh5 Nf6 13. Bf3 Re8 14. Ne2
Bg4 15. Nf4 Bxf3 16. Qxf3 Ne4 17. Rfe1 Re7 18. Rac1 Rae8 19. b4 Nd2 20. Qe2 Nc4
21. Rc3 Qxf4 22. a4 Qxd4 23. Rc2 Qf6 24. b5 a5 25. bxa6 bxa6 26. Rd1 a5 27. h3
Qg5 28. Rd4 Re4 29. Rd3 h6 30. Rb3 Qe5 31. Rb7 f5 32. Qh5 f4 33. Qf7+ Kh8 34.
exf4 Rxf4 35. Qg6 Re4 36. Rc1 Qg5
0-1

[Event "Hamarturneringen 2018"]
[Site "Hamar"]
[Date "2018.11.01"]
[Round "5"]
[White "Frydendal, Odd"]
[Black "Tøstibakken, Odd N"]
[Result "0-1"]
[WhiteElo "1403"]
[BlackElo "1383"]
[PlyCount "60"]
[EventDate "2018.??.??"]

1. b4 d5 2. Bb2 Nf6 3. e3 Bf5 4. Nf3 e6 5. b5 c5 6. c4 Be7 7. a4 O-O 8. Be2
dxc4 9. Bxc4 Nd5 10. a5 Nb4 11. O-O Bf6 12. Bxf6 Qxf6 13. Na3 b6 14. a6 Nd7 15.
d3 Rad8 16. Qb3 Ne5 17. Nxe5 Qxe5 18. d4 Qc7 19. Rfc1 Rc8 20. f3 Rfd8 21. e4
Bg6 22. g3 Rxd4 23. Nc2 Nxc2 24. Qxc2 Rcd8 25. Rd1 Qd6 26. Be2 f6 27. Qb3 c4
28. Qc3 Qc5 29. Kf1 Bf7 30. f4 e5
0-1

[Event "Hamarturneringen 2018"]
[Site "Hamar"]
[Date "2018.11.01"]
[Round "5"]
[White "Søberg, Trond"]
[Black "Røhne, Jørgen"]
[Result "0-1"]
[WhiteElo "1249"]
[BlackElo "1277"]
[PlyCount "132"]
[EventDate "2018.??.??"]

1. e4 c5 2. Bc4 e6 3. Nf3 Nc6 4. c3 d5 5. exd5 exd5 6. Bb5 Bd7 7. O-O Nf6 8. d3
h6 9. Bf4 a6 10. Bxc6 Bxc6 11. Re1+ Be7 12. Ne5 O-O 13. Qd2 Nh7 14. Nxc6 bxc6
15. Bxh6 gxh6 16. Qxh6 Qd6 17. Qh5 Rae8 18. Nd2 Qg6 19. Qh3 Bg5 20. Nb3 Qd6 21.
d4 cxd4 22. Nxd4 Rxe1+ 23. Rxe1 Qg6 24. Nf5 Kh8 25. Qd3 Bf6 26. h3 Ng5 27. Re3
Ne4 28. g4 Be5 29. Qxa6 c5 30. Qd3 Rd8 31. a4 Qb6 32. f3 Bf4 33. Re2 c4+ 34.
Qd4+ Qxd4+ 35. cxd4 Ng3 36. Nxg3 Bxg3 37. Re3 Rb8 38. Kf1 Bf4 39. Re2 Ra8 40.
Re7 Kg7 41. Rd7 Ra5 42. h4 Bc1 43. Rb7 Rxa4 44. Rb5 Ra2 45. Rxd5 Bxb2 46. Ke1
c3 47. Kd1 Ra1+ 48. Kc2 Rf1 49. Rf5 Rf2+ 50. Kb1 Ba3 51. Rc5 Bxc5 52. dxc5 Re2
53. f4 c2+ 54. Kc1 Re4 55. Kxc2 Rc4+ 56. Kd3 Rxc5 57. h5 f6 58. Ke4 Kh6 59. Kd4
Ra5 60. Ke4 Rb5 61. Kf3 f5 62. Kg3 fxg4 63. Kxg4 Rb4 64. Kf5 Kxh5 65. Ke5 Kg6
66. f5+ Kf7
0-1

[Event "Hamarturneringen 2018"]
[Site "Hamar"]
[Date "2018.11.15"]
[Round "6"]
[White "Kristiansen, Ole-Jakob"]
[Black "Hoel, Ole"]
[Result "1-0"]
[WhiteElo "1977"]
[BlackElo "1808"]
[PlyCount "107"]
[EventDate "2018.??.??"]

1. c4 e5 2. Nc3 Nc6 3. g3 f5 4. Bg2 Nf6 5. e3 Bc5 6. Nge2 d6 7. O-O a6 8. d4
Ba7 9. b3 O-O 10. dxe5 dxe5 11. Ba3 Re8 12. Qc2 Qd7 13. Nd5 Qf7 14. Nxf6+ Qxf6
15. c5 Be6 16. Rfd1 Rad8 17. Bb2 Bf7 18. Qc3 Bh5 19. Qc4+ Kh8 20. Rxd8 Rxd8 21.
Nf4 Bf7 22. Qc2 Qe7 23. Nd3 e4 24. Qc3 Qf8 25. Ne5 Ne7 26. g4 Nd5 27. Rd1 Be6
28. Qc2 c6 29. gxf5 Qxf5 30. Qxe4 Qh5 31. Qf3 Qe8 32. Bd4 Bb8 33. Nd3 Qe7 34.
Ne5 Rf8 35. Qe2 Qg5 36. f4 Qh4 37. Qf2 Qe7 38. Kh1 Bc8 39. Qg3 Bf5 40. Rg1 Nf6
41. h4 Ne4 42. Bxe4 Bxe4+ 43. Kh2 Rf6 44. Qg5 Bxe5 45. Bxe5 Rf7 46. Rd1 h6 47.
Qxe7 Rxe7 48. Kg3 h5 49. Rd8+ Kh7 50. Bd6 Re6 51. Rd7 Rg6+ 52. Kf2 Rg2+ 53. Ke1
Rxa2 54. Be5
1-0

[Event "Hamarturneringen 2018"]
[Site "Hamar"]
[Date "2018.11.15"]
[Round "6"]
[White "Storli, Frode"]
[Black "Ormåsen, Steinar"]
[Result "1-0"]
[WhiteElo "1564"]
[BlackElo "1771"]
[PlyCount "65"]
[EventDate "2018.??.??"]

1. d4 Nf6 2. Bf4 g6 3. e3 Bg7 4. c3 d6 5. Be2 O-O 6. Nd2 Nbd7 7. Ngf3 c6 8. Bg3
b5 9. a4 bxa4 10. Qxa4 Qc7 11. O-O Bb7 12. Rfb1 a5 13. Re1 Nh5 14. Bh4 Rfe8 15.
Qc2 c5 16. dxc5 Nxc5 17. Nd4 Nf6 18. f3 Nd5 19. Bf2 Ne6 20. Nxe6 fxe6 21. Qe4
e5 22. Qc4 Kf8 23. Qxc7 Nxc7 24. Nc4 a4 25. Nb6 Nd5 26. Nxa8 Rxa8 27. e4 Nc7
28. Bb6 Ne6 29. Bc4 Kf7 30. Bb5 Bxe4 31. Rxe4 Rb8 32. Rb4 Bh6 33. Bf2
1-0

[Event "Hamarturneringen 2018"]
[Site "Hamar"]
[Date "2018.11.15"]
[Round "6"]
[White "Madagov, Ibragim"]
[Black "Søberg, Trond"]
[Result "1-0"]
[WhiteElo "1560"]
[BlackElo "1249"]
[PlyCount "46"]
[EventDate "2018.??.??"]

1. e4 e5 2. Nf3 Nc6 3. d4 exd4 4. Bc4 h6 5. O-O d6 6. Re1 Bg4 7. Qd3 Bxf3 8.
Qxf3 Ne5 9. Qb3 Nxc4 10. Qxc4 Nf6 11. e5 dxe5 12. Rxe5+ Be7 13. Qe2 Nd5 14. c4
dxc3 15. bxc3 c6 16. Ba3 Kd7 17. c4 Bxa3 18. Nxa3 f6 19. Re4 Qa5 20. cxd5 Rhe8
21. dxc6+ bxc6 22. Rd1+ Qd5 23. Rxd5+ cxd5 1-0

[Event "Hamarturneringen 2018"]
[Site "Hamar"]
[Date "2018.11.15"]
[Round "6"]
[White "Bjørnstad, Niklas Eriksen"]
[Black "Brobakken, Jørgen"]
[Result "0-1"]
[WhiteElo "1537"]
[BlackElo "1541"]
[PlyCount "80"]
[EventDate "2018.??.??"]

1. d4 d5 2. c4 e6 3. Nc3 c6 4. Nf3 f5 5. Bf4 Bd6 6. e3 Nf6 7. Be2 Qc7 8. Bxd6
Qxd6 9. c5 Qe7 10. b4 Nbd7 11. a4 O-O 12. O-O Ne4 13. Qc2 e5 14. dxe5 Nxe5 15.
Nd4 Nxc3 16. Qxc3 f4 17. exf4 Rxf4 18. Rae1 Qg5 19. Nf3 Nxf3+ 20. Bxf3 Bd7 21.
Re5 Qg6 22. Bh5 Qf6 23. Rfe1 Rf8 24. Bf3 Bh3 25. Bxd5+ cxd5 26. Qxh3 Kh8 27.
Rxd5 Rxf2 28. g4 Rf3 29. Qg2 Qh4 30. Re8 Rxe8 31. Qxf3 Qe1+ 32. Kg2 Qxb4 33.
Rd7 Qxc5 34. Qe4 Rf8 35. Qd4 Qc6+ 36. Kg1 Qc1+ 37. Kg2 Qf1+ 38. Kg3 Rf3+ 39.
Kh4 Qh3+ 40. Kg5 Qh6# 0-1

[Event "Hamarturneringen 2018"]
[Site "Hamar"]
[Date "2018.11.15"]
[Round "6"]
[White "Brobakken, Vidar"]
[Black "Røhne, Jørgen"]
[Result "1-0"]
[WhiteElo "1354"]
[BlackElo "1277"]
[PlyCount "115"]
[EventDate "2018.??.??"]

1. e4 e5 2. Nf3 Nc6 3. d4 exd4 4. Nxd4 Nxd4 5. Qxd4 d6 6. Nc3 Nf6 7. Bc4 Be7 8.
Be3 Be6 9. h3 Bxc4 10. Qxc4 Qd7 11. O-O-O b6 12. e5 Ng8 13. Nd5 O-O-O 14. Bxb6
Kb7 15. Qxc7+ Qxc7 16. Bxc7 Rd7 17. Bxd6 Bxd6 18. exd6 Rxd6 19. Rhe1 Nf6 20.
Re7+ Rd7 21. Rxd7+ Nxd7 22. Re1 Rf8 23. c4 Kc6 24. Kc2 a6 25. Kc3 Kd6 26. f4 a5
27. a3 h6 28. Ne3 Nc5 29. Nf5+ Kc6 30. b4 axb4+ 31. axb4 Ne6 32. b5+ Kb6 33. g3
Ra8 34. Kb4 Rd8 35. Re3 g6 36. Nxh6 Rd7 37. Nxf7 Nd4 38. Kc3 Nxb5+ 39. cxb5
Rxf7 40. Re6+ Kxb5 41. Rxg6 Kc5 42. Rg5+ Kd6 43. Kd4 Ke6 44. Ke4 Ra7 45. h4
Ra4+ 46. Kf3 Kf6 47. h5 Ra8 48. Rg6+ Kf7 49. Kg4 Ra5 50. f5 Ra1 51. Kg5 Rh1 52.
f6 Rh3 53. g4 Rb3 54. Rg7+ Kf8 55. h6 Rh3 56. h7 Rh2 57. Kg6 Rh4 58. Rg8#
1-0

[Event "Hamarturneringen 2018"]
[Site "Hamar"]
[Date "2018.11.15"]
[Round "6"]
[White "Frydendal, Odd"]
[Black "Flermoen, Markus"]
[Result "1-0"]
[WhiteElo "1403"]
[BlackElo "1704"]
[PlyCount "71"]
[EventDate "2018.??.??"]

1. b4 e5 2. Bb2 Nc6 3. b5 Nb8 4. Bxe5 Qg5 5. Nf3 Qf5 6. e3 Nf6 7. Bxc7 b6 8.
Be5 Bb7 9. Bb2 Bc5 10. Be2 O-O 11. O-O Qg6 12. d4 Bd6 13. Nbd2 Qh6 14. h3 g5
15. Ne5 Re8 16. Ndc4 Bc7 17. Ng4 Nxg4 18. Bxg4 d5 19. Ne5 f6 20. Nd3 Re7 21.
Qd2 Nd7 22. f4 Rae8 23. Rae1 Nf8 24. Ba3 Rg7 25. Qb4 Bc8 26. Bxc8 Rxc8 27. Qb3
Rd8 28. Rf3 Rdd7 29. e4 g4 30. hxg4 Rxg4 31. exd5 Bxf4 32. Nxf4 Rxf4 33. Rg3+
Ng6 34. d6+ Kf8 35. Qe6 Qg7 36. Qe8#
1-0

[Event "Hamarturneringen 2018"]
[Site "Hamar"]
[Date "2018.11.22"]
[Round "6"]
[White "Tøstibakken, Odd N"]
[Black "Ørsleie, Sivert Nikolai"]
[Result "1-0"]
[WhiteElo "1383"]
[BlackElo "1400"]
[PlyCount "57"]
[EventDate "2018.??.??"]

1. e4 c5 2. c3 e6 3. d4 cxd4 4. cxd4 g6 5. Nf3 Bg7 6. Nc3 Ne7 7. Bc4 d5 8. exd5
exd5 9. Bb3 O-O 10. O-O Nbc6 11. Re1 Bg4 12. Bg5 Bxf3 13. gxf3 f6 14. Bh4 Qa5
15. Bg3 Rfd8 16. Re6 Kf7 17. Qe2 Rd7 18. Re1 Bf8 19. Bd6 Nxd4 20. Qe3 Ndf5 21.
Rxe7+ Bxe7 22. Qe6+ Kf8 23. Bxe7+ Rxe7 24. Qxf6+ Ke8 25. Ba4+ Kd8 26. Qf8+ Kc7
27. Rxe7+ Nxe7 28. Qxe7+ Kb6 29. Qd6#
1-0

[Event "Hamarturneringen 2018"]
[Site "Hamar"]
[Date "2019.01.10"]
[Round "7"]
[White "Brobakken, Vidar"]
[Black "Madagov, Lom"]
[Result "0-1"]
[WhiteElo "1354"]
[BlackElo "2052"]
[PlyCount "138"]
[EventDate "2019.??.??"]

1. e4 c5 2. Nf3 d6 3. d4 cxd4 4. Nxd4 Nf6 5. Nc3 g6 6. Be2 Bg7 7. O-O O-O 8.
Be3 Nc6 9. Qd2 Bd7 10. Rad1 Ng4 11. Nxc6 bxc6 12. Bxg4 Bxg4 13. f3 Be6 14. a3
Qa5 15. Bd4 Bxd4+ 16. Qxd4 Rab8 17. Rb1 Rb7 18. a4 Rb4 19. Qe3 Rfb8 20. b3 c5
21. Nd5 Bxd5 22. exd5 R8b7 23. Rfd1 c4 24. Kf2 cxb3 25. cxb3 Qb6 26. Qxb6 R7xb6
27. Rd3 Rxa4 28. Re1 Ra2+ 29. Re2 Rxe2+ 30. Kxe2 Kg7 31. Ke3 Rb5 32. Kd4 a5 33.
g3 Kf6 34. h4 h5 35. f4 a4 36. bxa4 Rb4+ 37. Ke3 Rxa4 38. Kf3 Ra5 39. Ke4 Ra4+
40. Kf3 Kf5 41. Re3 Rd4 42. Rxe7 f6 43. Re3 Rxd5 44. Rb3 Rd1 45. Ra3 Re1 46.
Ra5+ Ke6 47. Kf2 Re4 48. Kf3 f5 49. Ra6 Kd5 50. Ra5+ Kc6 51. Ra6+ Kc5 52. Ra5+
Kb6 53. Rd5 Kc6 54. Ra5 Re6 55. Kf2 d5 56. Ra6+ Kd7 57. Rxe6 Kxe6 58. Ke3 Kd7
59. Kd3 Kc6 60. Kd4 Kd6 61. Kd3 Kc5 62. Kc3 d4+ 63. Kd3 Kd5 64. Kd2 Kc4 65. Kc2
d3+ 66. Kd2 Kd4 67. Kd1 Ke3 68. Ke1 d2+ 69. Kd1 Kd3 
0-1